00654nam a2200217 a 4500001001300000003000900013005001700022008004100039020002300080082001700103100001900120245002100139260006300160300000900223500003500232650001900267902000800286942000700294952011800301999001700419nice12345678IN_TiNIC20260116014341.0091021s2008 newa grp 000 0 eng  a9781846841354c19500a372.623bLEA aLeach, Heather aCreative Writing aNew York bContinuum International Publishing Group c2008 a195p aincludes index and biblioraphy aWriting Skills bSRS cBK 001040708StackRoom-aHMIbHMId2009-10-21g195.00l0o372.623 LEAp022909r2009-10-21v195.00w2009-10-21yBK c14931d14931